El Ingenioso Hidalgo Don Quijote de la Mancha (Record no. 2474)

MARC details
000 -CABECERA
campo de control de longitud fija 01716nam a2200325 a 4500
001 - NÚMERO DE CONTROL
campo de control BRCA_2734
005 - FECHA Y HORA DE LA ÚLTIMA TRANSACCIÓN
campo de control 20190320203939.0
008 - DATOS DE LONGITUD FIJA--INFORMACIÓN GENERAL
campo de control de longitud fija 041208s1897----sp-a---###---#000-0#spa-u
041 ## - CÓDIGO DE LENGUA
Código de lengua del texto/banda sonora o título independiente spa
044 ## - CÓDIGO DEL PAÍS DE LA ENTIDAD EDITORA/PRODUCTORA
Código MARC del país sp
084 ## - OTRO NÚMERO DE CLASIFICACIÓN
Número de clasificación 230
Número de documento/Ítem .S45
-- 1897
100 1# - ENTRADA PRINCIPAL--NOMBRE DE PERSONA
Nombre de persona Cervantes Saavedra, Miguel de
Fechas asociadas al nombre 1547-1616
9 (RLIN) 213
245 10 - MENCIÓN DE TÍTULO
Título El Ingenioso Hidalgo Don Quijote de la Mancha
Mención de responsabilidad, etc. por Miguel de Cervantes Saavedra.
260 ## - PUBLICACIÓN, DISTRIBUCIÓN, ETC.
Lugar de publicación, distribución, etc. Barcelona
Nombre del editor, distribuidor, etc. Miguel Segui
Fecha de publicación, distribución, etc. 1897
300 ## - DESCRIPCIÓN FÍSICA
Extensión 2 v.
Otras características físicas il. (algunas a color)
Dimensiones 27 cm.
500 ## - NOTA GENERAL
Nota general Contenido : v 1. Primera parte. Retrato de Cervantes por Seriñá. Dedicatoria del autor. Prólogo del autor. Versos preliminares. -- v 2. Segunda parte. Dedicatoria del autor. Prólogo del autor. Texto
500 ## - NOTA GENERAL
Nota general Hermosa edición, bien impresa con tipos grandes y claros, pero en papel inferior. Sigue el texto de la edición de 1608, de Cuesta. Las ilustraciones que adornan son de Pahissa y de Seriñá, las de éste peores que las d aquél. Contiene un precioso retrato de Cervantes pintado por Seriñá Lúdovik Osterc
500 ## - NOTA GENERAL
Nota general Estado físico : Las primeras hojas del volumen 1 se encuentran por desprenderse
500 ## - NOTA GENERAL
Nota general Con ex-libris de : Sello de la Biblioteca psrticular de la casa editorial Gallach
500 ## - NOTA GENERAL
Nota general Incluye índice : De láminas
500 ## - NOTA GENERAL
Nota general QM1008A
650 14 - PUNTO DE ACCESO ADICIONAL DE MATERIA--TÉRMINO DE MATERIA
Término de materia o nombre geográfico como elemento de entrada Novela española
Subdivisión cronológica Época clásica, 1500-1700
9 (RLIN) 215
650 14 - PUNTO DE ACCESO ADICIONAL DE MATERIA--TÉRMINO DE MATERIA
Término de materia o nombre geográfico como elemento de entrada Literatura española
Subdivisión cronológica Época clásica, 1500-1700
9 (RLIN) 216
650 14 - PUNTO DE ACCESO ADICIONAL DE MATERIA--TÉRMINO DE MATERIA
Término de materia o nombre geográfico como elemento de entrada Novela española
Subdivisión cronológica Siglo XVII
9 (RLIN) 217
650 14 - PUNTO DE ACCESO ADICIONAL DE MATERIA--TÉRMINO DE MATERIA
Término de materia o nombre geográfico como elemento de entrada Don Quijote (Personaje ficticio)
Término indicativo de función/relación Novela
9 (RLIN) 218
700 1# - PUNTO DE ACCESO ADICIONAL--NOMBRE DE PERSONA
Nombre de persona Pahissa Laporta, Jaume
Fechas asociadas al nombre 1846-1928
Término indicativo de función/relación Ilustrador
9 (RLIN) 7716
740 0# - PUNTO DE ACCESO ADICIONAL--TÍTULO RELACIONADO O ANALÍTICO NO CONTROLADO
Título relacionado o analítico no controlado El Ingenioso Hidalgo Don Quijote de la Mancha
902 ## - CATALOGADOR
Iniciales QFM
942 ## - ELEMENTOS DE PUNTO DE ACCESO ADICIONAL (KOHA)
Fuente del sistema de clasificación o colocación Library of Congress Classification
Tipo de ítem Koha Libros
Holdings
Estado de retiro Estado de pérdida Estado dañado No para préstamo Localización permanente Ubicación/localización actual Fecha de adquisición Número de inventario Total de préstamos Signatura topográfica completa Código de barras Fecha visto por última vez Precio válido a partir de Tipo de ítem Koha
El ejemplar forma parte de la colección y puede ser consultado según las políticas vigentes.       Biblioteca del Museo Franz Mayer (Rogerio Casas-Alatriste) Biblioteca del Museo Franz Mayer (Rogerio Casas-Alatriste) 04/12/2008 QM1008A   230 .S45 1897 (QM1008A) 2731 22/03/2019 22/03/2019 Libros